| 000 | 01051nam a22003377a 4500 | ||
|---|---|---|---|
| 001 | BR0505015 | ||
| 003 | BR-BrBNA | ||
| 005 | 20230928102027.0 | ||
| 007 | ta | ||
| 008 | 230509b bl.||||| |||| 00| 0 por d | ||
| 040 |
_aBR-BrBNA _bpor _cBiblioteca Nacional de Agricultura |
||
| 041 | _a(Por) | ||
| 072 |
_aP10; M40 _b8140 |
||
| 090 | _ 8140 BR0505015 | ||
| 100 | 1 | _aVieira, I. | |
| 110 | 1 |
_aCentro de Energia Nuclear na Agricultura, Piracicaba, SP (Brasil) _0Tese (Doutor em Ciências) |
|
| 245 | 1 | _aAlterações nas fontes alimentares disponíveis a ictiofauna, utilizando isótopos estáveis de carbono | |
| 260 | 3 |
_aPiracicaba, SP (Brasil): _c2005. |
|
| 300 | _a75 p. | ||
| 500 | _aSummaries (Eng, Por); Bibliography p. 59-66; 13 tables; 14 illus. | ||
| 650 | _aBACIA HIDROGRÁFICA | ||
| 650 | _aPEIXE | ||
| 650 | _aMATA CILIAR | ||
| 650 | _aECOLOGIA AQUÁTICA | ||
| 650 | _aFITOPLANCTON | ||
| 650 | _aMEIO AMBIENTE | ||
| 650 | _aICTIOLOGIA | ||
| 650 | _aSÃO PAULO | ||
| 909 |
_a202309 _bLucia _c55 _dLucia Elande |
||
| 942 | _cBK | ||
| 999 |
_c68775 _d68775 |
||